000
00211 a2200097 4500
001
19327
100
_a
Giles, R V
245
_a
Fluid mechanics & hgdraulics
260
_a
_b
Mcgraw-Hill
_c
090
_c
14190
_d
14190
942
_a
NUST-CAE
_c
M
_c
4659
999
_c
254400
_d
254400